Normal view
MARC view
- Irving, Washington
Entry Personal Name
001 - CONTROL NUMBER
- control field: 74523
003 - CONTROL NUMBER IDENTIFIER
- control field: NUST
005 - DATE AND TIME OF LATEST TRANSACTION
- control field: 20210628205233.0
008 - FIXED-LENGTH DATA ELEMENTS
- fixed length control field: 210628|| aca||aabn | a|a d
040 ## - CATALOGING SOURCE
- Original cataloging agency: NUST
- Transcribing agency: NUST
100 ## - HEADING--PERSONAL NAME
- Personal name: Irving, Washington
670 ## - SOURCE DATA FOUND
- Source citation: Work cat.: (NUST): Irving, Washington, Mohammad -pbuh and his successors, 1998
